Statystyki dla Geografia na literę P

Kliknij tutaj aby rozwiązać quiz!

Ogólne statystyki

  • Ten quiz został rozwiązany 280 razy
  • Średni wynik to 11 z 22

Statystyki odpowiedzi

WskazówkaOdpowiedź% Poprawnych
Stolica FrancjiParyż
100%
Podstawowy język BrazyliiPortugalski
95%
Stolicą tego państwa jest WarszawaPolska
94%
Stolica ChinPekin
89%
Waluta MeksykuPeso
78%
Kanał łączący Atlantyk z Oceanem SpokojnymKanał {Panamski}
70%
Pasmo górskie, które dzieli Francję i HiszpanięPireneje
70%
Jeden ze stanów USAPensylwania
68%
Część lądu otoczony wodą z trzech stronPółwysep
62%
Iran znany jest też pod tą nazwąPersja
60%
Rzymskie miasto zniszczone przez WezuwiuszaPompeje
54%
Zachodni Brzeg i Strefa GazyPalestyna
53%
Stolica Australii ZachodniejPerth
46%
51 stan USA?Portoryko
35%
Największe miasto w BohemiiPraga
35%
Miasto w którym organizowane jest najsłynniejsze encierro, czyli przepędzanie bykówPampeluna
30%
Region w południowej Argentynie i ChilePatagonia
30%
Słynna świątynia na Akropolu w AtenachPartenon
27%
Region wschodniego Pakistanu i północnych IndiiPendżab
11%
Rzeka przepływająca obok WaszyngtonuPotomak
10%
Wybitny londyński „cyrk”Piccadilly
4%
Wlot oceanu graniczący z Seattle{Puget} Sound
1%

Rozkład punktacji

Percentyl według liczby udzielonych odpowiedzi

Procent ludzi z każdym wynikiem

Twoja historia wyników

Nie rozwiązałeś tego quizu